000 01278nam a2200337 a 4500
001 000114740
003 CHAP
005 20220817044802.0
008 180403s2018 mx a fsm |||||||spa d
010 _a111201
011 _a112173
040 _cCHAP
090 _aTesis
100 1 _aHernández González, Leoncio
_9135020
245 1 0 _aAgricultura urbana en Tláhuac y Xochimilco, CDMX:
_h[En línea]
_bidentidad, género y relaciones sociales /
_cpor Leoncio Hérnandez González y José Alberto Pacheco Granillo.
260 _aChapingo, Méx. :
_bEl autor,
_c2018.
500 _aPara ver el contenido del material haga clic en la liga
502 _aTesis (Lic. en Redes Agroalimentarias) -- UACH. Centro Regional Universitario Oriente
590 _aE8697GMM
_b05
_c20180403
_lUCH01
_h1450
590 _aE8697GMM
_b05
_c20180403
_lUCH01
_h1453
590 _aE8697GMM
_b05
_c20180404
_lUCH01
_h0953
590 _aE8697GMM
_b05
_c20180404
_lUCH01
_h1333
650 1 4 _aAgricultura sustentable.
650 1 4 _aAgricultura urbana.
_92030
650 1 4 _aEnfoque de género
_zMéxico.
_936946
700 1 _aPacheco Granillo, José Ablerto
_9135021
856 _aFinding aid
_uhttp://10.13.5.2/tesis/sist114740.pdf
_zTeclea aquí
901 _aBK
942 _cTESIS
942 _n0
999 _c111201
_d111201